MARC details
| 000 -LEADER |
| fixed length control field |
04356nam a2200853 4500 |
| 010 ## - LIBRARY OF CONGRESS CONTROL NUMBER |
| LC control number |
2022907767 |
| 020 ## - INTERNATIONAL STANDARD BOOK NUMBER |
| International Standard Book Number |
9781529097207 |
| Qualifying information |
(hardcover) |
| 035 ## - SYSTEM CONTROL NUMBER |
| System control number |
(OCoLC)on1345063411 |
| 040 ## - CATALOGING SOURCE |
| Original cataloging agency |
NjBwBT |
| Language of cataloging |
eng |
| Description conventions |
rda |
| Transcribing agency |
FMG |
| Modifying agency |
FMG |
| -- |
IK2 |
| -- |
OCLCQ |
| -- |
OJ4 |
| -- |
JBI |
| -- |
RNL |
| -- |
ORX |
| -- |
LMJ |
| -- |
XY4 |
| -- |
UIU |
| -- |
CGB |
| -- |
IMD |
| -- |
TOH |
| -- |
TXSCH |
| -- |
QS8 |
| -- |
IAI |
| -- |
EHH |
| -- |
TXKIL |
| -- |
OCLCF |
| -- |
YDX |
| -- |
LIV |
| -- |
WIM |
| -- |
PPR |
| -- |
CNCAR |
| -- |
GKX |
| -- |
BDX |
| -- |
OCL |
| -- |
FHP |
| -- |
ZGR |
| -- |
OCLCO |
| -- |
OCLCL |
| -- |
DLC |
| 042 ## - AUTHENTICATION CODE |
| Authentication code |
lccopycat |
| 082 04 - DEWEY DECIMAL CLASSIFICATION NUMBER |
| Classification number |
741.5/973 |
| Edition number |
23 |
| 100 1# - MAIN ENTRY--PERSONAL NAME |
| Personal name |
Green, John Patrick, |
| Relator term |
author, |
| -- |
illustrator. |
| 9 (RLIN) |
82434 |
| 245 10 - TITLE STATEMENT |
| Title |
Investigators : Heist and seek / |
| Statement of responsibility, etc |
written and illustrated by John Patrick Green ; with color by Wes Dzioba. |
| 250 ## - EDITION STATEMENT |
| Edition statement |
First edition. |
| 260 ## - PUBLICATION, DISTRIBUTION, ETC. (IMPRINT) |
| Place of publication, distribution, etc |
UK: |
| Name of publisher, distributor, etc |
Macmillan's children's books; |
| Date of publication, distribution, etc |
2023. |
| 300 ## - PHYSICAL DESCRIPTION |
| Extent |
201 pages : |
| Other physical details |
chiefly color illustrations ; |
| Dimensions |
22 cm. |
| 490 1# - SERIES STATEMENT |
| Series statement |
InvestiGators : 6 |
| 520 ## - SUMMARY, ETC. |
| Summary, etc |
"When rare paintings go missing, the InvestiGators are called on the scene...the ART SCENE! Mango and Brash go undercover and under canvas as internationally renowned painters to expose a crook who has truly mastered the art of CRIME! Can they recover the missing masterpieces and save the city art museum's fundraising gala before it's too late...and they run out of appetizers? Find out in this latest pièce de résistance of action-packed illustrated fun."-- |
| 526 0# - STUDY PROGRAM INFORMATION NOTE |
| Program name |
Accelerated Reader AR |
| Interest level |
MG |
| Reading level |
3.6 |
| Title point value |
1.0 |
| Public note |
Accelerated Reader Quiz #517636. |
| 650 #0 - SUBJECT ADDED ENTRY--TOPICAL TERM |
| Topical term or geographic name as entry element |
Alligators |
| Form subdivision |
Comic books, strips, etc. |
| 9 (RLIN) |
85956 |
| 650 #0 - SUBJECT ADDED ENTRY--TOPICAL TERM |
| Topical term or geographic name as entry element |
Private investigators |
| Form subdivision |
Comic books, strips, etc. |
| 9 (RLIN) |
85957 |
| 650 #0 - SUBJECT ADDED ENTRY--TOPICAL TERM |
| Topical term or geographic name as entry element |
Art thefts |
| Form subdivision |
Comic books, strips, etc. |
| 9 (RLIN) |
85958 |
| 650 #0 - SUBJECT ADDED ENTRY--TOPICAL TERM |
| Topical term or geographic name as entry element |
Undercover operations |
| Form subdivision |
Comic books, strips, etc. |
| 9 (RLIN) |
85959 |
| 650 #0 - SUBJECT ADDED ENTRY--TOPICAL TERM |
| Topical term or geographic name as entry element |
Alligators |
| Form subdivision |
Juvenile fiction. |
| 9 (RLIN) |
85960 |
| 650 #0 - SUBJECT ADDED ENTRY--TOPICAL TERM |
| Topical term or geographic name as entry element |
Private investigators |
| Form subdivision |
Juvenile fiction. |
| 650 #0 - SUBJECT ADDED ENTRY--TOPICAL TERM |
| Topical term or geographic name as entry element |
Art thefts |
| Form subdivision |
Juvenile fiction. |
| 9 (RLIN) |
85961 |
| 650 #0 - SUBJECT ADDED ENTRY--TOPICAL TERM |
| Topical term or geographic name as entry element |
Undercover operations |
| Form subdivision |
Juvenile fiction. |
| 9 (RLIN) |
77890 |
| 650 #1 - SUBJECT ADDED ENTRY--TOPICAL TERM |
| Topical term or geographic name as entry element |
Alligators |
| Form subdivision |
Fiction. |
| 650 #1 - SUBJECT ADDED ENTRY--TOPICAL TERM |
| Topical term or geographic name as entry element |
Private investigators |
| Form subdivision |
Fiction. |
| 650 #1 - SUBJECT ADDED ENTRY--TOPICAL TERM |
| Topical term or geographic name as entry element |
Art thefts |
| Form subdivision |
Fiction. |
| 9 (RLIN) |
85962 |
| 650 #1 - SUBJECT ADDED ENTRY--TOPICAL TERM |
| Topical term or geographic name as entry element |
Undercover operations |
| Form subdivision |
Fiction. |
| 9 (RLIN) |
77895 |
| 650 #1 - SUBJECT ADDED ENTRY--TOPICAL TERM |
| Topical term or geographic name as entry element |
Cartoons and comics. |
| 650 #1 - SUBJECT ADDED ENTRY--TOPICAL TERM |
| Topical term or geographic name as entry element |
Graphic novels. |
| 650 #7 - SUBJECT ADDED ENTRY--TOPICAL TERM |
| Topical term or geographic name as entry element |
JUVENILE FICTION / Comics & Graphic Novels / Mystery & Detective. |
| 9 (RLIN) |
85963 |
| 650 #7 - SUBJECT ADDED ENTRY--TOPICAL TERM |
| Topical term or geographic name as entry element |
JUVENILE FICTION / Comics & Graphic Novels / Animals. |
| 9 (RLIN) |
85964 |
| 650 #7 - SUBJECT ADDED ENTRY--TOPICAL TERM |
| Topical term or geographic name as entry element |
JUVENILE FICTION / Comics & Graphic Novels / Humorous. |
| 9 (RLIN) |
73395 |
| 650 #7 - SUBJECT ADDED ENTRY--TOPICAL TERM |
| Topical term or geographic name as entry element |
Alligators |
| 9 (RLIN) |
59686 |
| 650 #7 - SUBJECT ADDED ENTRY--TOPICAL TERM |
| Topical term or geographic name as entry element |
Art thefts |
| 9 (RLIN) |
85965 |
| 650 #7 - SUBJECT ADDED ENTRY--TOPICAL TERM |
| Topical term or geographic name as entry element |
Private investigators |
| 9 (RLIN) |
78861 |
| 650 #7 - SUBJECT ADDED ENTRY--TOPICAL TERM |
| Topical term or geographic name as entry element |
Undercover operations |
| 9 (RLIN) |
85966 |
| 650 #7 - SUBJECT ADDED ENTRY--TOPICAL TERM |
| Topical term or geographic name as entry element |
Alligators |
| Form subdivision |
Comic books, strips, etc. |
| 9 (RLIN) |
85956 |
| 650 #7 - SUBJECT ADDED ENTRY--TOPICAL TERM |
| Topical term or geographic name as entry element |
Private investigators |
| Form subdivision |
Comic books, strips, etc. |
| 9 (RLIN) |
85957 |
| 650 #7 - SUBJECT ADDED ENTRY--TOPICAL TERM |
| Topical term or geographic name as entry element |
Art thefts |
| Form subdivision |
Comic books, strips, etc. |
| 9 (RLIN) |
85958 |
| 650 #7 - SUBJECT ADDED ENTRY--TOPICAL TERM |
| Topical term or geographic name as entry element |
Criminal investigation |
| Form subdivision |
Comic books, strips, etc. |
| 9 (RLIN) |
85967 |
| 650 #7 - SUBJECT ADDED ENTRY--TOPICAL TERM |
| Topical term or geographic name as entry element |
Alligators |
| Form subdivision |
Fiction. |
| 9 (RLIN) |
85968 |
| 650 #7 - SUBJECT ADDED ENTRY--TOPICAL TERM |
| Topical term or geographic name as entry element |
Private investigators |
| Form subdivision |
Fiction. |
| 9 (RLIN) |
85969 |
| 650 #7 - SUBJECT ADDED ENTRY--TOPICAL TERM |
| Topical term or geographic name as entry element |
Art thefts |
| Form subdivision |
Fiction. |
| 9 (RLIN) |
85962 |
| 650 #7 - SUBJECT ADDED ENTRY--TOPICAL TERM |
| Topical term or geographic name as entry element |
Criminal investigation |
| Form subdivision |
Fiction. |
| 9 (RLIN) |
85970 |
| 655 #0 - INDEX TERM--GENRE/FORM |
| Genre/form data or focus term |
Graphic novels. |
| 655 #1 - INDEX TERM--GENRE/FORM |
| Genre/form data or focus term |
Mystery and detective stories. |
| 9 (RLIN) |
61703 |
| 655 #7 - INDEX TERM--GENRE/FORM |
| Genre/form data or focus term |
Comics (Graphic works) |
| Source of term |
fast |
| 9 (RLIN) |
73761 |
| 655 #7 - INDEX TERM--GENRE/FORM |
| Genre/form data or focus term |
Detective and mystery comics |
| Source of term |
fast |
| 9 (RLIN) |
82443 |
| 655 #7 - INDEX TERM--GENRE/FORM |
| Genre/form data or focus term |
Detective and mystery fiction |
| Source of term |
fast |
| 9 (RLIN) |
56664 |
| 655 #7 - INDEX TERM--GENRE/FORM |
| Genre/form data or focus term |
Fiction |
| Source of term |
fast |
| 9 (RLIN) |
52739 |
| 655 #7 - INDEX TERM--GENRE/FORM |
| Genre/form data or focus term |
Graphic novels |
| Source of term |
fast |
| 9 (RLIN) |
85971 |
| 655 #7 - INDEX TERM--GENRE/FORM |
| Genre/form data or focus term |
Humorous comics |
| Source of term |
fast |
| 9 (RLIN) |
73763 |
| 655 #7 - INDEX TERM--GENRE/FORM |
| Genre/form data or focus term |
Humorous fiction |
| Source of term |
fast |
| 655 #7 - INDEX TERM--GENRE/FORM |
| Genre/form data or focus term |
Juvenile works |
| Source of term |
fast |
| 9 (RLIN) |
52753 |
| 655 #7 - INDEX TERM--GENRE/FORM |
| Genre/form data or focus term |
Humorous fiction. |
| Source of term |
gsafd |
| 9 (RLIN) |
85972 |
| 655 #7 - INDEX TERM--GENRE/FORM |
| Genre/form data or focus term |
Comic books, strips, etc. |
| Source of term |
gsafd |
| 655 #7 - INDEX TERM--GENRE/FORM |
| Genre/form data or focus term |
Graphic novels. |
| Source of term |
lcgft |
| 9 (RLIN) |
85971 |
| 655 #7 - INDEX TERM--GENRE/FORM |
| Genre/form data or focus term |
Funny animal comics. |
| Source of term |
lcgft |
| 9 (RLIN) |
81286 |
| 655 #7 - INDEX TERM--GENRE/FORM |
| Genre/form data or focus term |
Humorous comics. |
| Source of term |
lcgft |
| 9 (RLIN) |
73763 |
| 655 #7 - INDEX TERM--GENRE/FORM |
| Genre/form data or focus term |
Comics (Graphic works) |
| Source of term |
lcgft |
| 9 (RLIN) |
73761 |
| 655 #7 - INDEX TERM--GENRE/FORM |
| Genre/form data or focus term |
Detective and mystery comics. |
| Source of term |
lcgft |
| 9 (RLIN) |
82443 |
| 655 #7 - INDEX TERM--GENRE/FORM |
| Genre/form data or focus term |
Bandes dessinées anthropomorphiques. |
| Source of term |
rvmgf |
| 9 (RLIN) |
85973 |
| 655 #7 - INDEX TERM--GENRE/FORM |
| Genre/form data or focus term |
Bandes dessinées humoristiques. |
| Source of term |
rvmgf |
| 9 (RLIN) |
85974 |
| 655 #7 - INDEX TERM--GENRE/FORM |
| Genre/form data or focus term |
Bandes dessinées. |
| Source of term |
rvmgf |
| 9 (RLIN) |
85975 |
| 655 #7 - INDEX TERM--GENRE/FORM |
| Genre/form data or focus term |
Bandes dessinées policières. |
| Source of term |
rvmgf |
| 9 (RLIN) |
85976 |
| 700 ## - ADDED ENTRY--PERSONAL NAME |
| Personal name |
Dzioba, Wes, |
| Relator term |
colorist. |
| 9 (RLIN) |
85977 |
| 800 ## - SERIES ADDED ENTRY--PERSONAL NAME |
| Personal name |
Green, John Patrick, |
| Dates associated with a name |
1975- |
| Title of a work |
InvestiGators (Series) ; |
| Volume/sequential designation |
6. |
| 9 (RLIN) |
85978 |
| 942 ## - ADDED ENTRY ELEMENTS (KOHA) |
| Source of classification or shelving scheme |
|
| Koha item type |
Book |